[Event "GER-ch U10"]
[Site "Willingen"]
[Date "2018.05.25"]
[Round "10"]
[White "Krueger, Aurelian"]
[Black "Linnemann, Caspar"]
[Result "1-0"]
[WhiteElo "1623"]
[BlackElo "1408"]
[PlyCount "163"]
[EventDate "2018.05.19"]
[EventType "swiss"]
[EventRounds "11"]
[EventCountry "GER"]
[SourceTitle "CBM 184 Extra"]
[Source "ChessBase"]
[SourceDate "2018.06.28"]
[SourceVersion "1"]
[SourceVersionDate "2018.06.28"]
[SourceQuality "1"]

1. e4 c5 2. d4 cxd4 3. c3 dxc3 4. Nxc3 e6 5. Nf3 Ne7 6. Bc4 a6 7. Bf4 Ng6 8. Bg3 b5 9. Bb3 Bb7 10. 0-0 Be7 11. Qe2 0-0 12. Rfd1 Nh4 13. Nxh4 Bxh4 14. Bf4 Bg5 15. Be5 Be7 16. Rac1 Qe8 17. Qd3 Bc6 18. Ne2 Kh8 19. Nd4 f6 20. Bxb8 Rxb8 21. Bxe6 dxe6 22. Nxc6 Rc8 23. Nd4 Rd8 24. Qb3 e5 25. Ne6 Rxd1+ 26. Rxd1 Rg8 27. Nc7 Qc6 28. Nd5 Re8 29. h3 h6 30. Rd3 Bd6 31. Rc3 Qb7 32. Qc2 Rd8 33. Rc6 Bf8 34. Rc7 Qb8 35. Qc6 Qa8 36. Qxa8 Rxa8 37. Kf1 Bd6 38. Rc6 Bf8 39. Ke2 Kg8 40. Kf3 Kf7 41. Kg4 Kg6 42. h4 h5+ 43. Kf3 a5 44. g4 b4 45. g5 Kf7 46. gxf6 gxf6 47. Rxf6+ Kg8 48. Rf5 Rc8 49. Ne3 Bh6 50. Rxe5 Bxe3 51. Kxe3 Rc2 52. Rxa5 Rxb2 53. Rxh5 Rxa2 54. Rb5 Rb2 55. f4 b3 56. Kd3 Rf2 57. Rxb3 Rxf4 58. h5 Rh4 59. Rb5 Kg7 60. Rf5 Kh6 61. Kd4 Rxh5 62. Rxh5+ Kxh5 63. Ke5 Kg6 64. Ke6 Kg7 65. Ke7 Kg8 66. e5 Kg7 67. e6 Kg8 68. Kd7 Kf8 69. e7+ Kg7 70. e8Q Kf6 71. Qe6+ Kg5 72. Qf7 Kg4 73. Qf6 Kg3 74. Qf5 Kg2 75. Qf4 Kg1 76. Qf3 Kh2 77. Qg4 Kh1 78. Ke6 Kh2 79. Kf5 Kh1 80. Kf4 Kh2 81. Kf3 Kh1 82. Qg2# 1-0

[Event "GER-ch U10"]
[Site "Willingen"]
[Date "2018.05.24"]
[Round "8"]
[White "Linnemann, Caspar"]
[Black "Korek, Jakob Alexander"]
[Result "1/2-1/2"]
[WhiteElo "1408"]
[BlackElo "1471"]
[PlyCount "104"]
[EventDate "2018.05.19"]
[EventType "swiss"]
[EventRounds "11"]
[EventCountry "GER"]
[SourceTitle "CBM 184 Extra"]
[Source "ChessBase"]
[SourceDate "2018.06.28"]
[SourceVersion "1"]
[SourceVersionDate "2018.06.28"]
[SourceQuality "1"]

1. e4 c5 2. Nf3 e6 3. d4 cxd4 4. Nxd4 Qb6 5. Nb3 Nf6 6. Bd3 Nc6 7. 0-0 Be7 8. Kh1 a6 9. f4 d6 10. Qe2 Qc7 11. Nc3 b5 12. a3 0-0 13. Bd2 Bb7 14. Rae1 Rfd8 15. e5 Ne8 16. Qh5 g6 17. Qe2 d5 18. Qf2 Ng7 19. Be3 Qd7 20. Bc5 Rac8 21. Bb6 Re8 22. Nc5 Bxc5 23. Bxc5 Ne7 24. Bd4 Nef5 25. Bxf5 Nxf5 26. Rd1 Red8 27. Rfe1 Qc6 28. Rd2 Qc4 29. Red1 Qc6 30. Rc1 Qd7 31. Ne2 Qe7 32. c3 Rc6 33. Ng3 Nxd4 34. Rxd4 Rc4 35. Rcd1 Rdc8 36. Rxc4 dxc4 37. Qd2 Kf8 38. Qd6 Qxd6 39. Rxd6 Rc6 40. Rxc6 Bxc6 41. Ne2 Ke7 42. Kg1 Kd7 43. Kf2 Kc7 44. g3 Kb6 45. Nd4 Kc5 46. Nxc6 Kxc6 47. Ke3 Kd5 48. h3 a5 49. g4 h6 50. h4 a4 51. g5 h5 52. Kf3 Kc6 1/2-1/2